Advanced Unsaturated Soil Mechanics and Engineering (Record no. 1124)

000 -LEADER
fixed length control field 00368 a2200109 4500
020 ## - INTERNATIONAL STANDARD BOOK NUMBER
International Standard Book Number 9780415436793
082 ## - DEWEY DECIMAL CLASSIFICATION NUMBER
Classification number 624.15136 NG
100 ## - MAIN ENTRY--PERSONAL NAME
Personal name Ng, Charles W. W.
245 ## - TITLE STATEMENT
Title Advanced Unsaturated Soil Mechanics and Engineering
Statement of responsibility, etc. Charles W. W. Ng, Bruce Menzies
260 ## - PUBLICATION, DISTRIBUTION, ETC.
Place of publication, distribution, etc. London :
Name of publisher, distributor, etc. Taylor and Francis Group,
Date of publication, distribution, etc. 2007
300 ## - PHYSICAL DESCRIPTION
Extent xxi, 687p. :
Other physical details ill. ;
Dimensions 24 cm
650 ## - SUBJECT ADDED ENTRY--TOPICAL TERM
Topical term or geographic name entry element Soil Mechanics -- Engineering
Holdings
Withdrawn status Lost status Damaged status Not for loan Permanent Location Current Location Shelving location Date acquired Total Checkouts Full call number Barcode Date last seen Price effective from Koha item type
        School of Civil and Environmental Engineering (SCEE) School of Civil and Environmental Engineering (SCEE)       624.15136 NG NIT-4296 01/05/2017 01/05/2017 Book
        School of Civil and Environmental Engineering (SCEE) School of Civil and Environmental Engineering (SCEE)         NIT-4337 01/05/2017 01/05/2017 Book
© 2023 Central Library, National University of Sciences and Technology. All Rights Reserved.